01781nam a2200277 a 450000100060000000300080000600500170001400800390003103500190007004000320008904100080012108200270012910000360015624502350019226000380042730000370046550503220050260000510082465000760087570000660095194200120101799900170102995201530104695201520119995201520135123059BD-RjUL20211209000904.0140310s1902 enk b 000 0beng a(BD-RjUL)23124 aDLCcDLCdDLCdBD-RjULbeng aeng00a828.309bLYC V- 2 19021 aLyly, John,d1554?-1606.97111404aThe complete works of John Lyly :bnow for the first time collected and edited from the earliest quartos, with life, bibliography, essays, notes, and index /cby R. Warwick Bond.nVolume. II :pEuphues and his England. The plays.  aOxford :bClarendon Press ,c1902 a574p. :bIll., fronts. ;c23 cm.0 av. 1. Life of John Lyly. Euphues: Discussion of the text and bibliography. List of editions. Titles, &c. Essay on Euphues and Euphuism. Biographical appendix. Entertainments. A funeral oration. Notes.--v. 2. Euphues and his England. The plays. Notes.--v. 3. The plays. Anti-Martinist work, &c. Poems. Notes. Glossary.10aLyly, John,d1554?-1606xBibliography.9241901 aEnglish Miscellaneous WritingsvHistory and Criticismy1558-16259741841 aBond, R. Warwickq(Richard Warwick),d1857-1943,eed.9241902 2ddccBK c23059d23059 00102ddc4071aRUCLbRUCLcReadingd1957-11-15eOxford university press.g85.50l0o828.309 LYC V-2 1902r2014-03-10 00:00:00tC-1w2021-12-09yBK 00102ddc40718NFICaRUCLbRUCLcReadingd1957-11-15eoxford universityg85.50l0o828.309 LYC V-1 1902r2020-09-27 00:00:00tC-1w2021-12-09yBK 00102ddc40718NFICaRUCLbRUCLcReadingd1957-11-15eoxford universityg85.50l0o828.309 LYC V-3 1902r2020-09-27 00:00:00tC-1w2021-12-09yBK